Toeic preparation workbook /

Guardado en:
Autor Principal: Lougheed, Lin
Formato: Libro
Publicado: Japón : Addison-wesley, 1992
Materias:
Etiquetas: Agregar Etiqueta
Sin Etiquetas, Sea el primero en etiquetar este registro!
LEADER 00466nam a22001695a 4500
001 CEM.cems007648
005 20100628114828.0
008 130507s1992##################000#0#####d
003 CEMS
082 0 4 |a 428.64 
100 1 |a Lougheed, Lin 
245 1 0 |a Toeic preparation workbook /  |c Lin Lougheed 
260 |a Japón :  |b Addison-wesley,  |c 1992 
300 |a 124 p. 
653 |a Inglés 
653 |a Inglés-textos 
859 |a CEMS  |b BIB. CEMS - 11 de abril  |h 428.64  |i L919  |p 17947.94  |t Ej.1